|
|
|
|
| LEADER |
01689nam a22003257a 4500 |
| 001 |
33639 |
| 003 |
BD-DhAAL |
| 005 |
20180805122036.0 |
| 008 |
180805t1996 enk 000 1 eng d |
| 999 |
|
|
|c 39437
|d 39437
|
| 020 |
|
|
|a 9780099740919
|
| 040 |
|
|
|a BD-DhAAL
|
| 082 |
0 |
0 |
|a 813.54
|2 21
|
| 100 |
1 |
|
|a Atwood, Margaret,
|d 1939-
|9 27672
|
| 245 |
1 |
4 |
|a The handmaid's tale /
|c Margaret Atwood.
|
| 260 |
|
|
|a London :
|b Vintage Books,
|c 1996.
|
| 300 |
|
|
|a 324 pages ;
|c 21 cm.
|
| 526 |
|
|
|a ENH
|
| 541 |
|
|
|a Karim International
|e 33639, 33640, 33641, 33642
|
| 650 |
|
0 |
|a Man-woman relationships
|v Fiction.
|9 27673
|
| 650 |
|
0 |
|a Misogyny
|v Fiction.
|9 27674
|
| 650 |
|
0 |
|a Women
|v Fiction.
|9 27675
|
| 655 |
|
7 |
|a Fantasy fiction.
|2 gsafd
|9 27680
|
| 655 |
|
7 |
|a Dystopias.
|2 gsafd
|9 27681
|
| 852 |
|
|
|a Ayesha Abed Library
|c General Stacks
|
| 942 |
|
|
|2 ddc
|c BK
|
| 952 |
|
|
|0 0
|1 0
|2 ddc
|4 0
|6 813_540000000000000_ATW
|7 0
|9 64113
|a BRACUL
|b BRACUL
|c GEN
|d 2018-07-29
|e Karim International
|g 1650.00
|l 17
|m 88
|o 813.54 ATW
|p 3010033639
|r 2026-02-17
|s 2026-02-03
|t 1
|v 1650.00
|w 2018-07-29
|y BK
|
| 952 |
|
|
|0 0
|1 0
|2 ddc
|4 0
|6 813_540000000000000_ATW
|7 0
|9 64114
|a BRACUL
|b BRACUL
|c GEN
|d 2018-07-29
|e Karim International
|g 1650.00
|l 19
|m 132
|o 813.54 ATW
|p 3010033640
|q 2026-06-02
|r 2025-12-21
|s 2025-12-21
|t 2
|v 1650.00
|w 2018-07-29
|y BK
|
| 952 |
|
|
|0 0
|1 0
|2 ddc
|4 0
|6 813_540000000000000_ATW
|7 0
|9 64115
|a BRACUL
|b BRACUL
|c GEN
|d 2018-07-29
|e Karim International
|g 1650.00
|l 21
|m 95
|o 813.54 ATW
|p 3010033641
|r 2026-03-04
|s 2026-02-05
|t 3
|v 1650.00
|w 2018-07-29
|y BK
|
| 952 |
|
|
|0 0
|1 0
|2 ddc
|4 0
|6 813_540000000000000_ATW
|7 0
|9 64116
|a BRACUL
|b BRACUL
|c GEN
|d 2018-07-29
|e Karim International
|g 1650.00
|l 15
|m 69
|o 813.54 ATW
|p 3010033642
|r 2026-02-09
|s 2026-02-03
|t 4
|v 1650.00
|w 2018-07-29
|y BK
|